Canberra Airport Destinations (Canberra, Australia) - Statistics

General Stats
  • This quiz has been taken 101 times
    39 since last reset
  • The average score is 9 of 13
Answer Stats
Airline Destination % Correct
Jetstar/Qantas/QantasLink/Rex Airlines/Virgin Australia Melbourne
100%
Qantas Perth
100%
Qantas/QantasLink/Virgin Australia Sydney
100%
Jetstar/Qantas/QantasLink/Virgin Australia Brisbane
97%
QantasLink/Virgin Australia Adelaide
94%
QantasLink Darwin
89%
Jetstar/QantasLink/Virgin Australia Gold Coast
86%
Link Airways/QantasLink Hobart
75%
Fiji Airways Nadi
64%
Qatar Airways Doha
61%
FlyPelican/Link Airways Newcastle
42%
FlyPelican Avalon
19%
Link Airways Coffs Harbour
8%
No matching quizzes found
Score Distribution
Percent of People with Each Score
Percentile by Number Answered
Your Score History
You have not taken this quiz since the last reset